Quiz sur l'Ouganda - Statistiques

Statistiques générales
  • Ce quiz a été pris 2 642 fois
  • Le résultat moyen est 10 sur 18
Statistiques - réponses
Question Réponse % Correct
Langues officielles Anglais
95%
Pays frontaliers Kenya
89%
Pays frontaliers Rwanda
89%
Pays frontaliers RD Congo
88%
Pays frontaliers Tanzanie
86%
Plus grand lac d'Afrique Lac Victoria
83%
Pays frontaliers Soudan du Sud
81%
Capitale Kampala
73%
Langues officielles Swahili
58%
En 1903, les Britanniques tentèrent de créer en Ouganda une terre pour ce peuple qui n'avait alors pas encore de nation Juifs
49%
Principal produit d'exportation Café
35%
Oiseau présent sur le drapeau national {Grue} Royale
35%
Dictateur sanguinaire (1971 - 1979) portant les titres de maréchal et de président à vie Idi Amin Dada
34%
En 1976, ce pays a mené une opération visant à sauver les passagers d'un avion détourné qui avait atteri à l'aéroport d'Entebbe Israël
30%
Devise monétaire Shilling
26%
Point culminant, nommé d'après un explorateur britannique Mont Stanley
20%
Groupe terroriste ougandais, tristement célèbre pour ses enfants-soldats Armée de Résistance du {Seigneur}
13%
Chef de ce groupe terroriste Joseph Kony
11%
Aucun quiz correspondant
Distribution des résultats
% des personnes avec chaque résultat
Percentile par nombre de réponses
Votre historique - résultats
Vous n’avez pas pris ce quiz